000 01317cam a22003854a 4500
001 13765294
003 OSt
005 20140410085455.0
008 041028s2004 nyu 000 0 eng
010 _a 2004559881
020 _a0743487680 (pbk.)
040 _aDLC
_cDLC
_dDLC
041 1 _aeng
_hita
042 _apcc
050 0 0 _aJC 143
_b.M38 2004
100 1 _aMachiavelli, Niccolò,
_d1469-1527.
_924821
240 1 0 _aPrincipe.
_lEnglish
245 1 4 _aThe prince /
_cNiccolò Machiavelli ; supplementary material written by Benjamin Beard.
260 _aNew York :
_bPocket Books,
_c2004.
300 _axxiii, 161 p. ;
_c18 cm.
490 1 _aEnriched classics
500 _a"Includes detailed notes and commentary"--Spine.
521 _aG12
526 _c1510
562 _eFor circulation. 2 copies in the collection
650 0 _aPolitical science
_vEarly works to 1800.
_924822
650 0 _aPolitical ethics
_vEarly works to 1800.
_924823
830 0 _aEnriched classics series.
_93136
856 4 2 _3Publisher description
_uhttp://www.loc.gov/catdir/enhancements/fy0631/2004559881-d.html
906 _a7
_bcbc
_corigcop
_d3
_encip
_f20
_gy-gencatlg
942 _2lcc
_cBK
999 _c33876
_d33876